Los padres y la lectura. Un programa de trabajo

Furkejuvvon:
Bibliográfalaš dieđut
Váldodahkkit: Fredericks, Anthony D (Dahkki), Taylor, David (Dahkki)
Materiálatiipa: Girji
Giella:espánnjágiella
Almmustuhtton: Madrid Visor 1991
Ráidu:Aprendizaje, 75
Fáttát:
Fáddágilkorat: Lasit fáddágilkoriid
Eai fáddágilkorat, Lasit vuosttaš fáddágilkora!

MARC

LEADER 00000nam a2200000 a 4500
001 UCO9570
003 CL-VaPUC
008 010302e19910000SP |||||||||||||||||spa|d
082 0 4 |a 372.4  |b FRE  |2 21 
100 0 |a Fredericks, Anthony D  |e author  |9 454853 
700 0 |a Taylor, David  |e author  |9 454854 
245 1 4 |a Los padres y la lectura. Un programa de trabajo 
300 |a 110 p 
942 |c BK 
945 |d 20010302 00:00:00  |a cmena 
260 |a Madrid  |b Visor  |c 1991 
650 0 |a Educación lingüística  |9 306506 
650 0 |a Lectura  |9 307634 
650 7 |a ROL DE LOS PADRES  |2 CL-VaPUC  |9 338980 
650 0 |a Métodos de enseñanza  |9 270413 
583 |a last modification  |c 20010302 00:00:00  |k Rodrigo Vera 
490 0 |a Aprendizaje, 75 
999 |c 293771  |d 293769 
952 |0 0  |1 0  |4 0  |6 372_400000000000000_FRE_1991  |7 0  |8 A  |9 345483  |a FDOPOS  |b FDOPOS  |d 2019-11-20  |i 369089K  |o 372.4 FRE 1991  |p 369089K  |r 2025-01-22  |w 2019-11-20  |y BK  |k MLA